• Lara Augustin

di Personal Name

Records bibliografici associati: 1

001 - CONTROL NUMBER

  • control field: 8125

003 - CONTROL NUMBER IDENTIFIER

  • control field: IT-RoPau

005 - DATE AND TIME OF LATEST TRANSACTION

  • control field: 20140108095928.0

008 - FIXED-LENGTH DATA ELEMENTS

  • fixed length control field: 140108|| aca||aabn | a|a d

040 ## - CATALOGING SOURCE

  • Original cataloging agency: IT-RoPau
  • Transcribing agency: IT-RoPau

100 ## - HEADING--PERSONAL NAME

  • Personal name: Lara Augustin
  • Miscellaneous information: Codice autore musica SPICS: 14008
  • Relator term: Autore musica
  • Name of part/section of a work: Granada

670 ## - SOURCE DATA FOUND

  • Source citation: Work cat.: (IT-RoPau)102748: AA.VV. 794, Nella tradizione della canzone italiana una grande voce: Alvaro Amici (Lp Sm 3775)
CREDITS: SOCIETA' SAN PAOLO Via A.Severo, 58 - ROMA (RM) & PERIODICI SAN PAOLO SRL Via Giotto, 36 MILANO & CISF Via Giotto, 36 MILANO & EDIZIONI SAN PAOLO SRL,  Piazza Soncino, 5 CINISELLO BALSAMO (MI) -- ITALY